01402nam a2200289 i 450000100060000000300090000600500170001500700030003200800410003502000180007604000220009408000350011608000450015108000260019624501720022226001600039430000300055450000940058450400420067860000570072065000760077770000360085370000510088985200330094099900170097395201220099067454ES-MaACL20230906170056.0t|040526s2003 sp ||||0| spa d a84-7786-852-2 aM-BN bspa cM-BN a929 Larrea, Francisca de (063) a821.134.2 Larrea, Francisca de 1.07(063) a821.134.2.09"18"(063)00aFrasquita Larrea y Aherán: europeas y españolas entre la Ilustración y el Romanticismo / cGloria Espigado Tocino y María José de la Pascua Sánchez (eds.). a[Cádiz] : bServicio de Publicaciones de la Universidad de Cádiz ;a[El Puerto de Santa María] : bAyuntamiento de El Puerto de Santa María,c2003. a412 p. : bil. ; c24 cm. aRecoge las ponencias del congreso celebrado los días, 23, 24 y 25 de noviembre de 2000. aIncluye referencias bibliográficas.14aLarrea, Francisca de-vCongresos y asambleas.97033214aLiteratura española-xAutoras-yS.XIX-vCongresos y asambleas.9145441 aEspigado Tocino, Gloria.9478221 aPascua Sánchez, María José de la.989337 aES-MaACLjL-27641 bR.133340 c67454d67454 00104070aATENEOMbATENEOMcDEPO2d2008-01-17eSCl0oL-27641p1070635r2023-02-23 00:00:00w2023-02-23yMONOGRAFIA